Hodnotenie projektu vo vybranom podniku diplomová práca

Enregistré dans:
Détails bibliographiques
Auteur principal: Bajzová, Laura
Collectivité auteur: Fakulta podnikového manažmentu EU. Katedra manažmentu
Autres auteurs: Mišún, Juraj, 1978-
Format: Livre
Langue:slovaque
Publié: Bratislava 2025
Tags: Ajouter un tag
Pas de tags, Soyez le premier à ajouter un tag!

MARC

LEADER 00000nbm a2200000 4500
001 0309850
005 20251217134148.6
041 0 |a slo 
044 |a SK 
245 1 0 |a Hodnotenie projektu vo vybranom podniku  |b diplomová práca  |c Laura Bajzová ; školiteľ: Juraj Mišún 
264 1 |a Bratislava  |c 2025 
300 |a 78 s. 
100 1 |a Bajzová, Laura 
700 1 |a Mišún, Juraj, 1978- 
710 2 |a Fakulta podnikového manažmentu EU. Katedra manažmentu